| 000 | 00737nam a2200241 a 4500 | ||
|---|---|---|---|
| 001 | 00015156 | ||
| 003 | DO-SdBNP | ||
| 005 | 20171130125136.0 | ||
| 007 | 00015156 | ||
| 008 | 150818s2001 000 spa d | ||
| 020 | _a842162122X | ||
| 040 |
_aBPMSU _bspa _cBPMSU |
||
| 245 | 0 |
_aLengua española : _b nivel básico / _ccolaboradora María C. Liriano Brito |
|
| 260 |
_aSanto Domingo : _bSusaeta _c2001. |
||
| 300 |
_av. : _bil. ; _c30 cm. |
||
| 490 |
_aProyecto dominicano _atodo libro |
||
| 700 |
_4Liriano Brito, María C. _ecol. |
||
| 830 | _pProyecto dominicano (República Dominicana ) | ||
| 930 | 1 |
_l _m _8 _f _p _g |
|
| 942 |
_2ddc _cBK |
||
| 956 |
_a _b _c _l _h |
||
| 956 |
_aVMATEO _b10 _c20150909 _lBPMSU _h000151 |
||
| 999 |
_c9819 _d9819 |
||